| 000 | 00862cam a2200301 i 4500 | ||
|---|---|---|---|
| 999 |
_c200436467 _d54679 |
||
| 001 | 200436467 | ||
| 003 | TR-AnTOB | ||
| 005 | 20240925073656.0 | ||
| 007 | ta | ||
| 008 | 190211s2018 tu 000 f tur u | ||
| 020 | _a9786050955378 | ||
| 040 |
_aIYTE _beng _erda _cTR-AnTOB |
||
| 041 | 0 | _atur | |
| 050 | 1 | _aPL248.E7456 | |
| 090 |
_aPL248 .E7456 _bT26 2019 |
||
| 100 | 1 |
_aErgin, Arif, _d1976- _eauthor _9125912 |
|
| 245 | 1 | 0 |
_aTekvin / _cArif Ergin ; editör: Handan Akdemir. |
| 250 | _a12. baskı: Mart 2019 | ||
| 264 | 1 |
_aİstanbul : _bDoğan Kitap, _c2019. |
|
| 300 |
_a593 pages ; _c21 cm |
||
| 336 |
_atext _btxt _2rdacontent |
||
| 337 |
_aunmediated _bn _2rdamedia |
||
| 338 |
_avolume _bnc _2rdacarrier |
||
| 650 | 7 |
_aTürk romanı _2etuturkob _99421 |
|
| 700 | 1 |
_aAkdemir, Handan _eeditor _9125913 |
|
| 942 |
_2lcc _cBK |
||